000
00261nam a22001217a 4500
008
180301b xxu||||| |||| 00| 0 eng d
041
_a
eng
080
_a
574
100
_a
9
101
_a
MJE
245
_a
NORTH AMRICAN WILDIFE
_c
GEORGE.L
942
_2
udc
_c
BK
999
_c
43826
_d
43826